Detalles MARC
| 000 -LEADER |
| campo de control de longitud fija |
03233nam a22005537a 4500 |
| 001 - NÚMERO DE CONTROL |
| campo de control |
42835 |
| 003 - IDENTIFICADOR DE NÚMERO DE CONTROL |
| campo de control |
gtgccic |
| 005 - FECHA Y HORA DE LA ÚLTIMA TRANSACCIÓN |
| campo de control |
20250724115829.0 |
| 007 - CAMPO FIJO DE DESCRIPCIÓN FÍSICA--INFORMACIÓN GENERAL |
| campo de control de longitud fija |
ta |
| 008 - DATOS DE LONGITUD FIJA--INFORMACIÓN GENERAL |
| campo de control de longitud fija |
250724b mx ||||| |||| 00| 0 spa d |
| 020 ## - NÚMERO INTERNACIONAL ESTÁNDAR DEL LIBRO |
| Número Internacional Estándar del Libro |
893122335 |
| 022 ## - NÚMERO INTERNACIONAL NORMALIZADO PARA PUBLICACIONES SERIADAS |
| Número Internacional Normalizado para Publicaciones Seriadas |
PCA Serial No. 2797 |
| 040 ## - FUENTE DE CATALOGACIÓN |
| Centro catalogador/agencia de origen |
gtgccic |
| Lengua de catalogación |
spa |
| Centro/agencia transcriptor |
gtgccic |
| Centro/agencia modificador |
gtgccic |
| Normas de descripción |
rda |
| 082 ## - NÚMERO DE LA CLASIFICACIÓN DECIMAL DEWEY |
| Número de clasificación |
666.893 K846 |
| 082 ## - NÚMERO DE LA CLASIFICACIÓN DECIMAL DEWEY |
| Número de clasificación |
666.893 K846 c. 2 |
| 100 1# - ENTRADA PRINCIPAL--NOMBRE DE PERSONA |
| Nombre de persona |
Steven H. Kosmatka |
| Numeración |
Vice presidente, Investigación y Servicios Técnicos, PCA |
| Término indicativo de función/relación |
Autor |
| 100 1# - ENTRADA PRINCIPAL--NOMBRE DE PERSONA |
| Nombre de persona |
Beatrix Kerkhoff |
| Numeración |
Coordinadora del Progama de Tecnología del Cemento y del Concreto, PCA |
| Término indicativo de función/relación |
Autora |
| 100 1# - ENTRADA PRINCIPAL--NOMBRE DE PERSONA |
| Nombre de persona |
William C. Panarese |
| Numeración |
Ex gerente de los Servicios de Información de la Construcción de la PCA |
| Término indicativo de función/relación |
Autor |
| 100 1# - ENTRADA PRINCIPAL--NOMBRE DE PERSONA |
| Nombre de persona |
Jussara Tanesi |
| Numeración |
Ingeniera civil, SaLUT, Inc. Gerente del laboratorio de concreto del |
| Títulos y otros términos asociados al nombre |
TFHRC-FHWA |
| 245 ## - MENCIÓN DEL TÍTULO |
| Título |
Diseño y control de mezclas de concreto / |
| Mención de responsabilidad, etc. |
PCA |
| Medio |
Portland Cement Association |
| Nombre de parte o sección de la obra |
Boletín de Ingeniería EB201 |
| 264 ## - PRODUCCIÓN, PUBLICACIÓN, DISTRIBUCIÓN, FABRICACIÓN Y COPYRIGHT |
| Producción, publicación, distribución, fabricación y copyright |
México : |
| Nombre del de productor, editor, distribuidor, fabricante |
PCA ; |
| Fecha de producción, publicación, distribución, fabricación o copyright |
2004 |
| 300 ## - DESCRIPCIÓN FÍSICA |
| Extensión |
xii, 456 p. : |
| Otras características físicas |
il. |
| Dimensiones |
28 cm |
| 336 ## - TIPO DE CONTENIDO |
| Fuente |
rdacontenido |
| Término de tipo de contenido |
texto |
| Código de tipo de contenido |
txt |
| 337 ## - TIPO DE MEDIO |
| Fuente |
rdamedio |
| Nombre/término del tipo de medio |
sin mediación |
| Código del tipo de medio |
n |
| 338 ## - TIPO DE SOPORTE |
| Fuente |
rdasoporte |
| Nombre/término del tipo de soporte |
volumen |
| Código del tipo de soporte |
nc |
| 505 ## - NOTA DE CONTENIDO CON FORMATO |
| Información miscelánea |
Capítulo 1 |
| Título |
FUNDAMENTOS DEL CONCRETO |
| 505 ## - NOTA DE CONTENIDO CON FORMATO |
| Información miscelánea |
Capítulo 2 |
| Título |
CEMENTOS PORTLAND, CEMENTOS ADICIONADOS Y OTROS CEMENTOS HIDRÁULICOS |
| 505 ## - NOTA DE CONTENIDO CON FORMATO |
| Información miscelánea |
Capítulo 3 |
| Título |
CENIZA VOLANTE, ESCORIA, HUMO DE SÍLICE Y PUZOLANAS NATURALES |
| 505 ## - NOTA DE CONTENIDO CON FORMATO |
| Información miscelánea |
Capítulo 4 |
| Título |
AGUA DE MEZCLA PARA EL CONCRETO |
| 505 ## - NOTA DE CONTENIDO CON FORMATO |
| Información miscelánea |
Capítulo 5 |
| Título |
AGREGADOS PARA CONCRETO |
| 505 ## - NOTA DE CONTENIDO CON FORMATO |
| Información miscelánea |
Capítulo 6 |
| Título |
ADITIVOS PARA CONCRETO |
| 505 ## - NOTA DE CONTENIDO CON FORMATO |
| Información miscelánea |
Capítulo 7 |
| Título |
FIBRAS |
| 505 ## - NOTA DE CONTENIDO CON FORMATO |
| Información miscelánea |
Capítulo 8 |
| Título |
CONCRETO CON AIRE INCLUIDO |
| 505 ## - NOTA DE CONTENIDO CON FORMATO |
| Información miscelánea |
Capítulo 9 |
| Título |
DISEÑO Y PROPORCIONAMIENTO DE MEZCLAS DE CONCRETO NORMAL |
| 505 ## - NOTA DE CONTENIDO CON FORMATO |
| Información miscelánea |
Capítulo 10 |
| Título |
DOSIFICACIÓN MEZCLADO, TRANSPORTE Y MANEJO DEL CONCRETO |
| 505 ## - NOTA DE CONTENIDO CON FORMATO |
| Información miscelánea |
Capítulo 11 |
| Título |
COLOCACIÓN Y ACABADO DEL CONCRETO |
| 505 ## - NOTA DE CONTENIDO CON FORMATO |
| Información miscelánea |
Capítulo 12 |
| Título |
CURADO DEL CONCRETO |
| 505 ## - NOTA DE CONTENIDO CON FORMATO |
| Información miscelánea |
Capítulo 13 |
| Título |
COLADO EN CLIMA CALUROSO |
| 505 ## - NOTA DE CONTENIDO CON FORMATO |
| Información miscelánea |
Capítulo 14 |
| Título |
COLADO EN CLIMA FRÍO |
| 505 ## - NOTA DE CONTENIDO CON FORMATO |
| Información miscelánea |
Capítulo 15 |
| Título |
CAMBIOS DE VOLUMEN DEL CONCRETO |
| 505 ## - NOTA DE CONTENIDO CON FORMATO |
| Información miscelánea |
Capítulo 16 |
| Título |
ENSAYOS DE CONTROL DEL CONCRETO |
| 505 ## - NOTA DE CONTENIDO CON FORMATO |
| Información miscelánea |
Capítulo 17 |
| Título |
CONCRETO DE ALTO DESEMPEÑO |
| 505 ## - NOTA DE CONTENIDO CON FORMATO |
| Información miscelánea |
Capítulo 18 |
| Título |
CONCRETOS ESPECIALES |
| 505 ## - NOTA DE CONTENIDO CON FORMATO |
| Título |
Apéndice |
| 505 ## - NOTA DE CONTENIDO CON FORMATO |
| Título |
Índice |
| 520 ## - RESUMEN, ETC. |
| Sumario, etc. |
El concreto es el material de construcción más utilizado, debido a su versatilidad, durabilidad y economía. El concreto se usa en carreteras, calles, estacionamientos, puentes, edificios altos, presas, casas, pisos, paseos, veredas y muchas otras aplicaciones. Diseño y Control de Mezclas de Concreto es la principal referencia de la tecnología de concreto de la industria de cemento y concreto, totalmente revisada, para reflejar las informaciones más actualizadas sobre normas, especificaciones y métodos de ensayo de la ASTM, AASHTO y ACI. Esta publicación se dirige únicamente al uso de profesionales cualificados que posean todas las licencias necesarias, que sean competentes para evaluar la relevancia y las limitaciones de la información incluida, y que acepten total responsabilidad por la aplicación de esta información. |
| 942 ## - ELEMENTOS DE ENTRADA SECUNDARIOS (KOHA) |
| Fuente de la clasificación o esquema de estantería |
Clasificación Decimal Dewey |
| Tipo de ítem Koha |
Libros |
| Suprimir en OPAC |
No |
| 945 ## - PROCESAMIENTO DE INFORMACIÓN LOCAL (OCLC) |
| a |
amlo |